000 00213nam a2200097Ia 4500
008 191206s9999 xx 000 0 und d
020 _a869225197
090 _aPL8681.Z77
245 0 _aNYANGA YENZOU
260 _cc1992
999 _c16587
_d16587